10 największych miast Portugalii - Statystyki

Ogólne statystyki
  • Ten quiz został rozwiązany 85 razy
  • Średni wynik to 4 z 10
Statystyki odpowiedzi
# Populacja Miasto % Poprawnych
1. 547 733 Lizbona
100%
3. 231 800 Porto
97%
5. 121 000 Braga
73%
7. 108 200 Funchal
28%
8. 97 600 Coimbra
25%
9. 95 000 Setúbal
25%
4. 175 136 Amadora
8%
2. 302 296 Vila Nova de Gaia
8%
6. 109 800 Almada
4%
10. 85 000 Agualva-Cacém
3%
Nie znaleziono quizów pasujących do podanych kryteriów
Rozkład punktacji
Procent ludzi z każdym wynikiem
Percentyl według liczby udzielonych odpowiedzi
Twoja historia wyników
Nie rozwiązałeś tego quizu